<?xml version="1.0" encoding="UTF-8"?>
<record
    xmlns:xsi="http://www.w3.org/2001/XMLSchema-instance"
    xsi:schemaLocation="http://www.loc.gov/MARC21/slim http://www.loc.gov/standards/marcxml/schema/MARC21slim.xsd"
    xmlns="http://www.loc.gov/MARC21/slim">

  <leader>01000nam a22002417a 4500</leader>
  <controlfield tag="005">20150817111930.0</controlfield>
  <datafield tag="010" ind1=" " ind2=" ">
    <subfield code="a">ENG-113550</subfield>
  </datafield>
  <datafield tag="020" ind1=" " ind2=" ">
    <subfield code="c">399.00</subfield>
    <subfield code="a">9789350099889</subfield>
  </datafield>
  <datafield tag="035" ind1=" " ind2=" ">
    <subfield code="a">EN- 97082</subfield>
  </datafield>
  <datafield tag="037" ind1=" " ind2=" ">
    <subfield code="b">DBAD/PUB</subfield>
  </datafield>
  <datafield tag="082" ind1=" " ind2=" ">
    <subfield code="a">303.4833</subfield>
  </datafield>
  <datafield tag="100" ind1=" " ind2=" ">
    <subfield code="a">Jeffrey, Robin</subfield>
  </datafield>
  <datafield tag="245" ind1=" " ind2=" ">
    <subfield code="a">Cell phone nation :</subfield>
    <subfield code="c">by Robin Jeffrey [and] Assa Doron</subfield>
    <subfield code="b">how mobiie phones have revolutionized business, politics and ordinary life in India /</subfield>
  </datafield>
  <datafield tag="260" ind1=" " ind2=" ">
    <subfield code="a">Gurgaon</subfield>
    <subfield code="b">Hachette Book Publishing</subfield>
    <subfield code="c">2013</subfield>
  </datafield>
  <datafield tag="270" ind1=" " ind2=" ">
    <subfield code="a">4th &amp; 5th Floors, Corporate Center, Plot No. 94, Sector 44</subfield>
    <subfield code="b">Gurgaon</subfield>
    <subfield code="e">122003</subfield>
  </datafield>
  <datafield tag="300" ind1=" " ind2=" ">
    <subfield code="a">xxxiv,293p., 24 unnumbered pages of plates :</subfield>
    <subfield code="c">23cm(pbk)</subfield>
    <subfield code="b"> ill. (some col.), maps</subfield>
  </datafield>
  <datafield tag="500" ind1=" " ind2=" ">
    <subfield code="a"> Includes bibliographical references (pages 265-280) and index.</subfield>
  </datafield>
  <datafield tag="650" ind1=" " ind2=" ">
    <subfield code="a"> Cell phones </subfield>
    <subfield code="x">Social aspects </subfield>
    <subfield code="z"> India.</subfield>
  </datafield>
  <datafield tag="650" ind1=" " ind2=" ">
    <subfield code="a"> Cell phones </subfield>
    <subfield code="x">Economic aspects </subfield>
    <subfield code="z"> India.</subfield>
  </datafield>
  <datafield tag="650" ind1=" " ind2=" ">
    <subfield code="a"> Cell phones </subfield>
    <subfield code="x">Political aspects </subfield>
    <subfield code="z"> India.</subfield>
  </datafield>
  <datafield tag="700" ind1=" " ind2=" ">
    <subfield code="a">Doron, Assa</subfield>
  </datafield>
  <datafield tag="942" ind1=" " ind2=" ">
    <subfield code="2">ddc</subfield>
    <subfield code="c">EN</subfield>
    <subfield code="m">JEF</subfield>
    <subfield code="h">303.4833</subfield>
  </datafield>
  <datafield tag="999" ind1=" " ind2=" ">
    <subfield code="c">95083</subfield>
    <subfield code="d">95083</subfield>
  </datafield>
  <datafield tag="952" ind1=" " ind2=" ">
    <subfield code="0">0</subfield>
    <subfield code="1">0</subfield>
    <subfield code="4">0</subfield>
    <subfield code="7">1</subfield>
    <subfield code="8">NFIC</subfield>
    <subfield code="a">DBAD</subfield>
    <subfield code="b">DBAD</subfield>
    <subfield code="d">2015-07-20</subfield>
    <subfield code="e">DBAD/PUB</subfield>
    <subfield code="g">399.00</subfield>
    <subfield code="l">0</subfield>
    <subfield code="o">303.4833 JEF</subfield>
    <subfield code="p">EN-97082</subfield>
    <subfield code="r">2015-07-20 00:00:00</subfield>
    <subfield code="t">1</subfield>
    <subfield code="v">399.00</subfield>
    <subfield code="y">EN</subfield>
  </datafield>
</record>
